000 00536nam a22001577a 4500
082 _aP727
100 _aArsalan Ahmed Malik
_951003
245 _aAnalyzing the project management techniques used on rawalpinidi metro bus project in terms of cost and scheduling and preparing 3D model of metro bus station
260 _aRisalpur,
_bMCE,
_c2016.
300 _a119p.
526 _a0
_b0
_c0
_dP_000000000000000_727
526 _a0
_b0
_c0
_dP_000000000000000_727
650 _aProject
700 _aLt Col Mughees Aslam
942 _2ddc
_cBK
999 _c553736
_d553736